| 000 | 00988nas a2200301 4500 | ||
|---|---|---|---|
| 001 | BR2018000261 | ||
| 003 | BR-BrBNA | ||
| 005 | 20231205131225.0 | ||
| 007 | ta | ||
| 008 | 230509b bl.|||p| |||| 00| 00por d | ||
| 040 |
_aBR-BrBNA _bpor _cBiblioteca Nacional de Agricultura |
||
| 041 | _a(En) | ||
| 072 | _aH60 | ||
| 100 | 1 | _aSpatt, L.L. | |
| 100 | 1 | _aDornelles, S.H.B. | |
| 100 | 1 | _aSanchotene, D.M. | |
| 100 | 1 | _aBrum, A.B. | |
| 100 | 1 | _aCarloto, B.W. | |
| 100 | 1 | _aScherer, M.B. | |
| 245 | 1 | _aLow-level resistance of Cyperus iria L. to ALS-inhibiting herbicides occurring in the State of Rio Grande do Sul | |
| 650 | _aHERBICIDA | ||
| 650 | _aBIÓTIPO | ||
| 650 | _aCONTROLE QUÍMICO | ||
| 773 | 0 |
_tCientífica. Revista de Ciências Agrárias (Brazil) _xISSN 1984-5529 _g(2016), v. 44(4) p. 532-537 _wBR2018000261 |
|
| 856 | 4 | 0 | _uhttp://cientifica.org.br/index.php/cientifica/article/view/840/540 |
| 909 |
_a202311 _bLúcia _c55 _dLúcia Elande |
||
| 942 |
_2AGRIS _n0 _cANA |
||
| 999 |
_c253661 _d253661 |
||